Giáo trình cơ sở thiết kế máy

Tallennettuna:
Bibliografiset tiedot
Päätekijät:  Giáo trình cơ sở thiết kế máy,  Nguyễn, Hữu Lộc
Aineistotyyppi: Sách
Kieli:Undetermined
Julkaistu:  Đại học Quốc gia TP. Hồ Chí Minh  2020
Aiheet:
Tagit: Lisää tagi
Ei tageja, Lisää ensimmäinen tagi!
Thư viện lưu trữ: Trung tâm Thư viện - Trường Đại học Công nghiệp TP. Hồ Chí Minh
LEADER 00571nam a2200157Ia 4500
001 UIH_08240
008 241002s9999 xx 000 0 und d
082 |a  621.815 
100 |a  Giáo trình cơ sở thiết kế máy 
100 |a  Nguyễn, Hữu Lộc 
245 0 |a  Giáo trình cơ sở thiết kế máy 
260 |b  Đại học Quốc gia TP. Hồ Chí Minh 
260 |c  2020 
650 |a Thiết kế máy 
927 |a Sách 
980 |a Trung tâm Thư viện - Trường Đại học Công nghiệp TP. Hồ Chí Minh